Statistics for Hovedsteder i Asia

Click here to take the quiz!

General Stats

  • This quiz has been taken 563 times
  • The average score is 24 of 49

Answer Stats

LandBy% Correct
Afghanistan‎Kabul
83%
JapanTokyo
83%
KinaBeijing
79%
IsraelJerusalem
76%
IndiaNew Delhi
75%
IranTeheran
66%
Aserbajdsjan‎Baku‎
64%
IrakBagdad‎
63%
Russland‎Moskva
63%
Filippinene‎Manila
62%
Indonesia‎Jakarta
60%
Armenia‎Jerevan
57%
KuwaitKuwait
57%
De forente arabiske emiraterAbu Dhabi‎
56%
Pakistan‎Islamabad
56%
Sør-KoreaSeoul
56%
Thailand‎Bangkok
54%
Singapore‎Singapore
54%
TyrkiaAnkara‎
51%
Kasakhstan‎Astana
51%
Syria‎Damaskus
51%
NepalKatmandu
51%
Georgia‎Tbilisi
51%
Bangladesh‎Dhaka
50%
JordanAmman
49%
JemenSana
49%
LibanonBeirut
47%
Malaysia‎Kuala Lumpur
47%
Qatar‎Doha
46%
OmanMuskat
44%
Nord-KoreaPyongyang
44%
MongoliaUlan Bator
43%
Vietnam‎Hanoi
42%
Maldivene‎Malé
42%
Kypros‎Nikosia
41%
Saudi-ArabiaRiyadh
40%
TaiwanTaipei
40%
BahrainManama
39%
KambodsjaPhnom Penh
36%
LaosVientiane
33%
Bhutan‎Thimpu
31%
KirgisistanBisjkek
30%
BruneiBandar Seri Begawan
29%
TadsjikistanDusjanbe
26%
Usbekistan‎Tasjkent
26%
Øst-Timor‎Dili
25%
Myanmar‎Naypyidaw
22%
Sri Lanka‎Sri Jayawardenapura Kotte
16%
TurkmenistanAsjkhabad
14%

Score Distribution

Percentile by Number Answered

Percent of People with Each Score

Your Score History

You have not taken this quiz